|
|
|
|
| LEADER |
00712ncm a22002052a 4500 |
| 001 |
001219418 |
| 003 |
CZ BrMZK |
| 005 |
20120604095615.0 |
| 007 |
qu |
| 008 |
120604s1955 ru |||||||||||||||||zxx d |
| 040 |
|
|
|a BOA001
|b cze
|
| 072 |
|
7 |
|a 787
|x Hudba pro strunné a smyčcové nástroje
|2 Konspekt
|9 9
|
| 100 |
1 |
|
|a Vinkler, Aleksandr Adol'fovič,
|d 1865-1935
|7 jx20080318032
|4 cmp
|
| 245 |
1 |
0 |
|a Sonata, soč. 10
|h [hudebnina] :
|b dlja al'ta i fortepiano /
|c Aleksandr Adol'fovič Vinkler
|
| 260 |
|
|
|a Moskva :
|b Muzgiz,
|c 1955
|
| 300 |
|
|
|a 47, 12 s.
|
| 910 |
|
|
|a BOA001
|b Mus4-0636.856
|
| 990 |
|
|
|a MU
|
| 991 |
|
|
|b 201206
|
| 996 |
6 |
|
|b 2619092003
|c Mus4-0636.856
|l MZK
|r Sklad / do 1 hodiny
|n 0
|w 001253258
|u 000010
|a 1
|e BOA001
|j MZK50
|s P
|